000 00661cam a22002531 4500
001 sa 65002637
003 DLC
005 20260227112118.0
008 890711s1964 pk b b 000 0 urdr
010 _asa 65002637
035 _a(OCoLC)19991388
040 _aDLC
_cWaU
_dDLC
042 _apremarc
043 _aa-ii---
050 0 0 _aDS485.H9
_bS5
100 1 _aShikayb, Badar,
_d1907-
245 1 0 _aḤaidarābād kā ʻurūj o zavāl.
260 _a[Karachi,
_c1964]
300 _a376 p.
_bmap.
_c23 cm.
500 _aIn Urdu.
500 _aText partially vocalized.
504 _aBibliography: p. 375-376.
651 0 _aHyderabad (India)
_xHistory.
999 _c62741
_d62741